[Event "Barcelona Sant Marti op-A 23rd"]
[Site "Barcelona"]
[Date "2023.07.15"]
[Round "3"]
[White "Deepak Ambattu, Rithvik"]
[Black "Comellas Blanchart, Jordi"]
[Result "1/2-1/2"]
[WhiteElo "1829"]
[BlackElo "1986"]
[PlyCount "90"]
[EventDate "2023.07.13"]
[EventType "swiss"]
[EventRounds "9"]
[EventCountry "ESP"]
[SourceTitle "CBM 215 Extra"]
[Source "ChessBase"]
[SourceDate "2023.09.30"]
[SourceVersion "1"]
[SourceVersionDate "2023.09.30"]
[SourceQuality "1"]

1. e4 c6 2. Nc3 d5 3. Nf3 dxe4 4. Nxe4 Nf6 5. Qe2 Nxe4 6. Qxe4 Nd7 7. Bc4 Nf6 8. Ne5 e6 9. Qe2 b5 10. Bd3 Qc7 11. b3 Bd6 12. Bb2 0-0 13. 0-0 Nd5 14. Qh5 g6 15. Ng4 e5 16. Qg5 Bxg4 17. Qxg4 f5 18. Qh4 Nf4 19. f3 Rae8 20. Rae1 e4 21. Be2 e3 22. dxe3 Rxe3 23. Bd1 Rfe8 24. Bd4 R3e6 25. Rxe6 Rxe6 26. g3 Ne2+ 27. Bxe2 Rxe2 28. Qf6 Be5 29. Bxe5 Qxe5 30. Qxe5 Rxe5 31. Kf2 Rd5 32. Ke2 Kf7 33. Rd1 Rxd1 34. Kxd1 Ke6 35. Ke2 Ke5 36. Ke3 g5 37. f4+ gxf4+ 38. gxf4+ Kd5 39. c3 a5 40. a3 c5 41. Kd3 b4 42. axb4 axb4 43. c4+ Ke6 44. Ke3 Kf6 45. Kf3 Kg6 1/2-1/2

[Event "Barcelona Sant Marti op-A 23rd"]
[Site "Barcelona"]
[Date "2023.07.13"]
[Round "1"]
[White "Deepak Ambattu, Rithvik"]
[Black "Dahale, Atul"]
[Result "0-1"]
[WhiteElo "1829"]
[BlackElo "2150"]
[PlyCount "86"]
[EventDate "2023.07.13"]
[EventType "swiss"]
[EventRounds "9"]
[EventCountry "ESP"]
[SourceTitle "CBM 215 Extra"]
[Source "ChessBase"]
[SourceDate "2023.09.30"]
[SourceVersion "1"]
[SourceVersionDate "2023.09.30"]
[SourceQuality "1"]

1. e4 e5 2. Nf3 Nc6 3. Bb5 a6 4. Ba4 Nf6 5. 0-0 Be7 6. d3 b5 7. Bb3 d6 8. c3 0-0 9. a4 Bb7 10. axb5 axb5 11. Rxa8 Qxa8 12. Be3 b4 13. Qc2 bxc3 14. bxc3 Na5 15. Ba2 d5 16. exd5 Bxd5 17. Bxd5 Qxd5 18. c4 Qe6 19. Nc3 Nc6 20. Ng5 Qd7 21. Rd1 Rd8 22. Qe2 Bb4 23. Nge4 Nxe4 24. dxe4 Nd4 25. Bxd4 Bxc3 26. Bxc3 Qxd1+ 27. Qf1 Qc2 28. Be1 Qxe4 29. f3 Qd3 30. Qf2 Qxc4 31. h3 Qd4 32. Qxd4 exd4 33. Kf2 Re8 34. Bd2 c5 35. g4 c4 36. Bc1 c3 37. g5 d3 38. g6 d2 39. Bxd2 cxd2 40. f4 d1Q 41. f5 Qd3 42. Kg2 Re2+ 43. Kf1 Qd1# 0-1

[Event "SCO-ch op 128th"]
[Site "Dunfermline"]
[Date "2023.07.07"]
[Round "1"]
[White "Smith, Peter R"]
[Black "Deepak Ambattu, Rithvik"]
[Result "1/2-1/2"]
[WhiteElo "2063"]
[BlackElo "1829"]
[PlyCount "59"]
[EventDate "2023.07.07"]
[EventType "swiss"]
[EventRounds "5"]
[EventCountry "SCO"]
[SourceTitle "CBM 215 Extra"]
[Source "ChessBase"]
[SourceDate "2023.09.30"]
[SourceVersion "1"]
[SourceVersionDate "2023.09.30"]
[SourceQuality "1"]

1. Nf3 Nf6 2. c4 g6 3. g3 c6 4. b3 Bg7 5. Bb2 0-0 6. Bg2 d5 7. 0-0 Nbd7 8. d3 Re8 9. Nbd2 e5 10. e4 d4 11. b4 Qb6 12. a3 a5 13. Qb3 a4 14. Qc2 c5 15. b5 Qc7 16. Rae1 b6 17. Bc1 Bb7 18. Bh3 Nf8 19. Qd1 Bc8 20. Bxc8 Qxc8 21. Kg2 h6 22. Nh4 Qd8 23. h3 Ne6 24. f4 exf4 25. gxf4 Nh5 26. Qg4 Nf6 27. Qg3 Nh5 28. Qg4 Nf6 29. Qg3 Nh5 30. Qg4 1/2-1/2

[Event "Wch U10 rapid"]
[Site "Batumi"]
[Date "2023.06.08"]
[Round "9"]
[White "Mukanov, Iskender"]
[Black "Deepak Ambattu, Rithvik"]
[Result "0-1"]
[WhiteElo "1176"]
[BlackElo "1845"]
[PlyCount "64"]
[EventDate "2023.06.06"]
[EventType "swiss (rapid)"]
[EventRounds "11"]
[EventCountry "GEO"]
[SourceTitle "EXT 2024"]
[Source "ChessBase"]
[SourceDate "2023.10.10"]
[SourceVersion "1"]
[SourceVersionDate "2023.10.10"]
[SourceQuality "1"]
[WhiteTeam "Kyrgyzstan"]
[BlackTeam "Schottland"]
[WhiteTeamCountry "KGZ"]
[BlackTeamCountry "SCO"]

1. e4 c5 2. Nf3 g6 3. d4 cxd4 4. Nxd4 Nc6 5. Nc3 Bg7 6. Be3 Nf6 7. f3 0-0 8. Be2 d5 9. exd5 Nxd5 10. Nxd5 Qxd5 11. c3 Nxd4 12. Bxd4 Bxd4 13. Qxd4 Qxd4 14. cxd4 Rd8 15. Rd1 Be6 16. b3 Rac8 17. 0-0 Rc2 18. Rfe1 Rxa2 19. Bc4 Bxc4 20. bxc4 Rd7 21. Re5 b6 22. d5 Rc2 23. Re4 f5 24. Red4 Rc7 25. Re1 Kf7 26. Ra1 a5 27. Rb1 a4 28. Rxb6 a3 29. Ra6 Rb7 30. Rd1 a2 31. Kf1 Rb1 32. Ke1 Rxg2 0-1

[Event "BCF-ch rapidplay 34th"]
[Site "Bingley"]
[Date "2023.04.15"]
[Round "1"]
[White "Ismail, Mohammed Aayan"]
[Black "Deepak Ambattu, Rithvik"]
[Result "1-0"]
[WhiteElo "2261"]
[BlackElo "1726"]
[PlyCount "115"]
[EventDate "2023.04.15"]
[EventType "swiss (rapid)"]
[EventRounds "11"]
[EventCountry "ENG"]
[SourceTitle "CBM 213 Extra"]
[Source "ChessBase"]
[SourceDate "2023.05.31"]
[SourceVersion "1"]
[SourceVersionDate "2023.05.31"]
[SourceQuality "1"]

1. c4 c5 2. Nc3 Nc6 3. g3 g6 4. Bg2 Bg7 5. Nf3 d6 6. 0-0 Bf5 7. d3 Qd7 8. Re1 Bh3 9. Bd2 h5 10. Bxh3 Qxh3 11. Ng5 Qd7 12. h4 Nf6 13. Nd5 0-0 14. Bc3 Nxd5 15. cxd5 Nd4 16. e3 Nf5 17. Bxg7 Kxg7 18. d4 Kg8 19. dxc5 dxc5 20. Nf3 Rad8 21. e4 Nd6 22. Qc1 Kh7 23. Ng5+ Kg8 24. Qxc5 Rc8 25. Qb4 Rc4 26. Qd2 Rfc8 27. e5 Rc2 28. Qf4 R8c4 29. Qf3 Nf5 30. Nxf7 Nxh4 31. Nh6+ Kg7 32. gxh4 Kxh6 33. e6 Qd6 34. Re4 Rxe4 35. Qxe4 Rxb2 36. Qd4 Kh7 37. Qxb2 Qf4 38. Qb3 Qxh4 39. Qg3 Qd4 40. Rc1 Qxd5 41. Rc7 Qxe6 42. Rxb7 Qe1+ 43. Kh2 Qe4 44. Rxa7 h4 45. Qc7 Qf3 46. Qxe7+ Kh6 47. Qxh4+ Qh5 48. Qxh5+ gxh5 49. Rb7 h4 50. a4 h3 51. a5 Kg6 52. Rb5 Kh6 53. a6 Kg6 54. a7 Kf6 55. a8Q Kg6 56. Qa6+ Kg7 57. Rb7+ Kg8 58. Qa8# 1-0

[Event "EU-ch U08 30th"]
[Site "Antalya"]
[Date "2022.11.08"]
[Round "4"]
[White "Deepak Ambattu, Rithvik"]
[Black "Wu, Chenshan"]
[Result "1-0"]
[WhiteElo "1523"]
[BlackElo "1594"]
[PlyCount "75"]
[EventDate "2022.11.06"]
[EventType "swiss"]
[EventRounds "9"]
[EventCountry "TUR"]
[SourceTitle "CBM 211 Extra"]
[Source "ChessBase"]
[SourceDate "2023.01.31"]
[SourceVersion "1"]
[SourceVersionDate "2023.01.31"]
[SourceQuality "1"]

1. e4 Nf6 2. e5 Nd5 3. d4 d6 4. exd6 cxd6 5. Nf3 Nc6 6. Be2 g6 7. 0-0 Bg7 8. c4 Nb6 9. Be3 0-0 10. Nc3 e5 11. c5 dxc5 12. dxc5 Nd7 13. Rc1 f5 14. Bc4+ Kh8 15. Ng5 Qe7 16. Nd5 Qd8 17. Ne6 Qh4 18. Bg5 Qh5 19. Be2 Qxg5 20. Nxg5 Nf6 21. Bc4 h6 22. Nxf6 Bxf6 23. Nf7+ Kg7 24. Nd6 Rd8 25. Qd5 Rf8 26. Ne8+ Kh8 27. Nxf6 Kg7 28. Nd7 Bxd7 29. Qxd7+ Kh8 30. Qxb7 Na5 31. Qa6 Nxc4 32. Rxc4 Kg7 33. c6 Kg8 34. c7 Rac8 35. Qxg6+ Kh8 36. Qxh6+ Kg8 37. Qg6+ Kh8 38. Rh4# 1-0

[Event "Guernsey op 46th"]
[Site "St James"]
[Date "2022.10.21"]
[Round "6"]
[White "Deepak Ambattu, Rithvik"]
[Black "Collier, David"]
[Result "1-0"]
[WhiteElo "1523"]
[BlackElo "2004"]
[PlyCount "127"]
[EventDate "2022.10.16"]
[EventType "swiss"]
[EventRounds "7"]
[EventCountry "GCI"]
[SourceTitle "EXT 2024"]
[Source "ChessBase"]
[SourceDate "2023.10.10"]
[SourceVersion "1"]
[SourceVersionDate "2023.10.10"]
[SourceQuality "1"]

1. e4 c5 2. Nc3 d6 3. d4 cxd4 4. Qxd4 Nf6 5. b3 g6 6. Bb2 Bg7 7. 0-0-0 0-0 8. Qd2 Nbd7 9. f3 a6 10. g4 h5 11. g5 Ne8 12. f4 b5 13. Bh3 Bb7 14. Nf3 Nc5 15. Rhe1 b4 16. Nd5 Bxb2+ 17. Kxb2 e6 18. Nxb4 a5 19. Nd3 Nxe4 20. Qe3 a4 21. Qd4 Qa5 22. b4 Qd5 23. Qxd5 exd5 24. a3 Nc7 25. Nd4 f5 26. Re2 Ba6 27. Re3 Kf7 28. Bf1 Rfc8 29. Nc1 Bc4 30. Nce2 Nf2 31. Rc1 Ng4 32. Rh3 Re8 33. Nc3 Ne3 34. Bd3 Ng4 35. Ndb5 Nxb5 36. Nxb5 Rad8 37. Nc3 Ra8 38. Bxc4 dxc4 39. Nd5 Re4 40. Rb1 Ra7 41. Nc3 Re6 42. Rg1 Nf2 43. Rf3 Ne4 44. Nb5 Rb7 45. Nd4 Re8 46. c3 Nd2 47. Rf2 Nb3 48. Rd1 Rbe7 49. Nxb3 cxb3 50. Rxd6 Re2+ 51. Rd2 Rxd2+ 52. Rxd2 Re4 53. b5 Rxf4 54. b6 Re4 55. c4 f4 56. b7 Re8 57. c5 f3 58. c6 Re2 59. Kc3 f2 60. b8Q f1Q 61. Rd7+ Re7 62. Rxe7+ Kxe7 63. Qe5+ Kd8 64. Qf6+ 1-0

[Event "Guernsey op 46th"]
[Site "St James"]
[Date "2022.10.19"]
[Round "4"]
[White "Deepak Ambattu, Rithvik"]
[Black "Canonne, Antoine"]
[Result "1/2-1/2"]
[WhiteElo "1523"]
[BlackElo "1853"]
[PlyCount "94"]
[EventDate "2022.10.16"]
[EventType "swiss"]
[EventRounds "7"]
[EventCountry "GCI"]
[SourceTitle "EXT 2024"]
[Source "ChessBase"]
[SourceDate "2023.10.10"]
[SourceVersion "1"]
[SourceVersionDate "2023.10.10"]
[SourceQuality "1"]

1. e4 c5 2. Nc3 e6 3. Nge2 Nc6 4. d4 cxd4 5. Nxd4 Bc5 6. Nb3 Bb6 7. Be2 Nge7 8. Bf4 0-0 9. Bd6 a6 10. 0-0 f5 11. exf5 Rxf5 12. Bd3 Rf7 13. Ne4 Nf5 14. c4 Bc7 15. Bc2 Bxd6 16. Nxd6 Nxd6 17. Qxd6 Qf6 18. Rab1 Ne5 19. Nc5 g6 20. b3 Rf8 21. Rbe1 Nf7 22. Qg3 Qg5 23. Qxg5 Nxg5 24. Rd1 Rd8 25. f4 Nf7 26. Na4 b5 27. Nb6 Rb8 28. c5 d6 29. b4 Bb7 30. Bb3 dxc5 31. bxc5 Rxd1 32. Rxd1 Rd8 33. Rc1 Bc6 34. Bxe6 Rd2 35. Bh3 g5 36. Nc8 Kf8 37. Na7 Bd7 38. c6 g4 39. cxd7 gxh3 40. gxh3 Rxd7 41. Nc6 Rc7 42. Rc2 Nd8 43. Nb4 Rxc2 44. Nxc2 Ne6 45. f5 Ng7 46. Nb4 a5 47. Nc6 Nxf5 1/2-1/2

[Event "Wch U08"]
[Site "Batumi"]
[Date "2022.09.21"]
[Round "6"]
[White "Mukhammadiev, Khushnudbek"]
[Black "Deepak Ambattu, Rithvik"]
[Result "0-1"]
[WhiteElo "1187"]
[BlackElo "1542"]
[PlyCount "24"]
[EventDate "2022.09.16"]
[EventType "swiss"]
[EventRounds "11"]
[EventCountry "GEO"]
[SourceTitle "EXT 2023"]
[Source "ChessBase"]
[SourceDate "2022.10.05"]
[SourceVersion "1"]
[SourceVersionDate "2022.10.05"]
[SourceQuality "1"]

1. e4 c5 2. Nf3 g6 3. c4 Nc6 4. Nc3 Bg7 5. d3 d6 6. g3 Nf6 7. Bg2 0-0 8. e5 Nxe5 9. 0-0 a6 10. a3 Bd7 11. Nh4 Rc8 12. f4 Neg4 0-1

[Event "Stokes Cup"]
[Site "Cardiff"]
[Date "2022.07.19"]
[Round "1.1"]
[White "Morrison, Joseph"]
[Black "Deepak Ambattu, Rithvik"]
[Result "1-0"]
[WhiteElo "1376"]
[BlackElo "1607"]
[PlyCount "121"]
[EventDate "2022.07.19"]
[EventType "team-tourn"]
[EventRounds "6"]
[EventCountry "WLS"]
[SourceTitle "CBM 210 Extra"]
[Source "ChessBase"]
[SourceDate "2022.11.30"]
[SourceVersion "1"]
[SourceVersionDate "2022.11.30"]
[SourceQuality "1"]
[WhiteTeam "England"]
[BlackTeam "Scotland"]
[WhiteTeamCountry "ENG"]
[BlackTeamCountry "SCO"]

1. c4 c5 2. Nc3 Nc6 3. g3 g6 4. Bg2 Bg7 5. e3 Nf6 6. Nge2 e6 7. 0-0 0-0 8. d4 cxd4 9. exd4 d5 10. cxd5 Nxd5 11. Re1 Nce7 12. Bg5 h6 13. Nxd5 hxg5 14. Nxe7+ Qxe7 15. Qb3 a5 16. Rad1 Qb4 17. Qc3 Qxc3 18. bxc3 Rb8 19. Rb1 b6 20. Rb2 Ba6 21. Bf1 Rfc8 22. Rb3 a4 23. Rb4 Rc4 24. Rxc4 Bxc4 25. Nc1 Rc8 26. Bxc4 Rxc4 27. Ne2 Bf8 28. Rb1 Rc6 29. Kf1 Kg7 30. Ke1 Kf6 31. Kd2 Kf5 32. Rb5+ Kf6 33. Ng1 Ke7 34. Kd3 f6 35. Nf3 Kd7 36. Nd2 Kc7 37. Ne4 Be7 38. c4 f5 39. Nc3 a3 40. Rb3 Kb7 41. Nb5 Rc8 42. c5 Rh8 43. Nxa3 Rxh2 44. Rxb6+ Kc8 45. Rxe6 Kd7 46. Re2 Kd8 47. Nc2 f4 48. c6 Bd6 49. gxf4 gxf4 50. d5 g5 51. f3 Rh5 52. Re6 Kc7 53. Ke4 Rh2 54. Nd4 Rb2 55. a4 Rb4 56. Kd3 Bf8 57. Nb5+ Kd8 58. c7+ Kd7 59. Re8 Rb3+ 60. Kc2 Rxb5 61. c8Q+ 1-0

[Event "ENG-ch U08"]
[Site "Milton Keynes"]
[Date "2021.10.03"]
[Round "5"]
[White "Sivanandan, Bodhana"]
[Black "Deepak Ambattu, Rithvik"]
[Result "1-0"]
[WhiteElo "1345"]
[BlackElo "1285"]
[PlyCount "109"]
[EventDate "2021.10.02"]
[EventType "swiss"]
[EventRounds "7"]
[EventCountry "ENG"]
[SourceTitle "EXT 2023"]
[Source "ChessBase"]
[SourceDate "2022.10.05"]
[SourceVersion "1"]
[SourceVersionDate "2022.10.05"]
[SourceQuality "1"]

1. e4 e5 2. Nf3 Nc6 3. Nc3 Nf6 4. d4 exd4 5. Nxd4 Bb4 6. Nxc6 bxc6 7. Bd3 d5 8. exd5 0-0 9. 0-0 cxd5 10. Bd2 c5 11. b3 Bg4 12. f3 Bh5 13. a3 Ba5 14. Rb1 Bc7 15. Nb5 a6 16. Nxc7 Qxc7 17. c4 dxc4 18. Bxc4 Rad8 19. Qc1 Rfe8 20. Bg5 Qe5 21. Qf4 Qd4+ 22. Qxd4 cxd4 23. Rbd1 Rd6 24. Rfe1 h6 25. Bxf6 Rxe1+ 26. Rxe1 Rxf6 27. Re8+ Kh7 28. Rd8 Rf4 29. Bxa6 Bg6 30. Kf2 Bc2 31. b4 Kg6 32. b5 Bd3 33. g3 Rf5 34. a4 Be4 35. f4 Rc5 36. Rxd4 f5 37. b6 Rc2+ 38. Ke1 Rxh2 39. a5 Kh5 40. Bd3 Rh1+ 41. Kd2 Ra1 42. Bxe4 fxe4 43. b7 Rb1 44. a6 e3+ 45. Kxe3 Kg4 46. a7 Rxb7 47. a8Q Re7+ 48. Re4 Rf7 49. Kf2 g5 50. Qg8 Rf5 51. Qe6 h5 52. Re5 Kh3 53. Qxf5+ Kh2 54. Qxg5 Kh1 55. Qh4# 1-0

[Event "ENG-ch U08"]
[Site "Milton Keynes"]
[Date "2021.10.02"]
[Round "2"]
[White "Deepak Ambattu, Rithvik"]
[Black "Gao, Alex"]
[Result "1-0"]
[WhiteElo "1285"]
[BlackElo "1015"]
[PlyCount "96"]
[EventDate "2021.10.02"]
[EventType "swiss"]
[EventRounds "7"]
[EventCountry "ENG"]
[SourceTitle "EXT 2023"]
[Source "ChessBase"]
[SourceDate "2022.10.05"]
[SourceVersion "1"]
[SourceVersionDate "2022.10.05"]
[SourceQuality "1"]

1. e4 e5 2. Nf3 Nc6 3. Bc4 Nf6 4. Ng5 d5 5. exd5 Na5 6. Bb5+ c6 7. dxc6 bxc6 8. Bd3 h6 9. Ne4 Nxe4 10. Bxe4 Bc5 11. 0-0 0-0 12. Nc3 f5 13. Bf3 e4 14. Be2 Bd6 15. d3 Qc7 16. h3 Rd8 17. Be3 c5 18. Nb5 Qc6 19. Nxd6 Rxd6 20. Bf4 Rd8 21. Qd2 Bb7 22. Qxa5 exd3 23. Bf3 Qc8 24. Bxb7 Qxb7 25. cxd3 Rxd3 26. Rad1 Rad8 27. Qa4 R3d4 28. Rxd4 Rxd4 29. Qe8+ Kh7 30. Be5 Re4 31. Qb8 Qd5 32. Bc3 f4 33. Qxa7 Qg5 34. Qb7 f3 35. Qxe4+ Kg8 36. Qxf3 Qe7 37. Re1 Qd7 38. Qa8+ Kh7 39. Qe4+ Kg8 40. Qe8+ Qxe8 41. Rxe8+ Kh7 42. a4 c4 43. a5 g5 44. a6 g4 45. a7 g3 46. a8Q gxf2+ 47. Kxf2 Kg6 48. Qe4+ Kg5 1-0